Catálogo público

El agave tequilero : (Record no. 88771)

MARC details
000 -CABECERA
campo de control de longitud fija 01064cam a22003257a 4500
003 - IDENTIFICADOR DEL NÚMERO DE CONTROL
campo de control CHAP
005 - FECHA Y HORA DE LA ÚLTIMA TRANSACCIÓN
campo de control 20220329142844.0
008 - DATOS DE LONGITUD FIJA--INFORMACIÓN GENERAL
campo de control de longitud fija 040902d2003 mx a r 00110 spa d
010 ## - NÚMERO DE CONTROL DE LA BIBLIOTECA DEL CONGRESO
Número de control de LC 88771
011 ## - ENLACE DEL NUMERO DE CONTROL DE LA BIBLIOTECA DEL CONGRESO [OBSOLETO]
Número de control de LC 89743
020 ## - NÚMERO INTERNACIONAL ESTÁNDAR DEL LIBRO
Número Internacional Estándar del Libro 9687462337
035 ## - NÚMERO DE CONTROL DEL SISTEMA
Número de control de sistema 100294
040 ## - FUENTE DE LA CATALOGACIÓN
Centro/agencia transcriptor CHAP
082 04 - NÚMERO DE LA CLASIFICACIÓN DECIMAL DEWEY
Número de clasificación 584.43
Número de documento/Ítem V2 2003
100 00 - ENTRADA PRINCIPAL--NOMBRE DE PERSONA
Nombre de persona Valenzuela Zapata, Ana Guadalupe
9 (RLIN) 117511
245 13 - MENCIÓN DE TÍTULO
Título El agave tequilero :
Resto del título cultivo e industria de México
Mención de responsabilidad, etc. /por Ana G. Valenzuela Zapata
250 ## - MENCIÓN DE EDICIÓN
Mención de edición 3ed.
260 ## - PUBLICACIÓN, DISTRIBUCIÓN, ETC.
Lugar de publicación, distribución, etc. México, D.F. :
Nombre del editor, distribuidor, etc. Mundi-Prensa,
Fecha de publicación, distribución, etc. 2003.
300 ## - DESCRIPCIÓN FÍSICA
Extensión 215 p. :
Otras características físicas ilus.
590 ## - NOTA LOCAL (RLIN)
Nota local BATCH-UPD
Procedencia (VM) [OBSOLETO] 10
Condición del los carretes individuales (VM) [OBSOLETO] 20130110
-- UCH01
-- 0647
590 ## - NOTA LOCAL (RLIN)
Nota local CONVERSION
Procedencia (VM) [OBSOLETO] 10
Condición del los carretes individuales (VM) [OBSOLETO] 20130109
-- UCH01
-- 1349
650 14 - PUNTO DE ACCESO ADICIONAL DE MATERIA--TÉRMINO DE MATERIA
Término de materia o nombre geográfico como elemento de entrada Agave mezcalero.
9 (RLIN) 1105
650 14 - PUNTO DE ACCESO ADICIONAL DE MATERIA--TÉRMINO DE MATERIA
Término de materia o nombre geográfico como elemento de entrada Agave tequilana.
9 (RLIN) 1107
650 14 - PUNTO DE ACCESO ADICIONAL DE MATERIA--TÉRMINO DE MATERIA
Término de materia o nombre geográfico como elemento de entrada Tequila
Subdivisión general Industria.
9 (RLIN) 112341
901 ## - ELEMENTOS DE DATOS A LOCAL LDA (RLIN)
a BK
905 ## - ELEMENTOS DE DATOS E LOCAL, LDE (RLIN)
a Alejandra Carrasco M.
942 ## - ELEMENTOS DE PUNTO DE ACCESO ADICIONAL (KOHA)
Tipo de ítem Koha Libro
949 ## - PROCESAMIENTO DE INFORMACIÓN LOCAL (OCLC)
a 584.43 V2 2003
b BC
c LIBRO
d 33724000797684
e LIBRO
f c.2
h 42545
i 100294
s i
t $ 213.00
949 ## - PROCESAMIENTO DE INFORMACIÓN LOCAL (OCLC)
a 584.43 V2 2003
b BC
c LIBRO
d 33724000797692
e LIBRO
h 42544
i 100294
s i
t $ 213.00
Holdings
Estado de retiro Estado de pérdida Fuente del sistema de clasificación o colocación Estado dañado Restricciones de uso No para préstamo Código de colección Localización permanente Ubicación/localización actual Ubicación en estantería Fecha de adquisición Información codificada de la localización en otra ubicación Total de préstamos Signatura topográfica completa Código de barras Fecha visto por última vez Número de copia Precio válido a partir de Tipo de ítem Koha Renovaciones totales Fecha del último préstamo
    Dewey Decimal Classification   Préstamo 15 días   General Biblioteca Central Biblioteca Central Planta alta - Colección General 31/12/2019 LIBRO   584.43 V2 2003 33724000797684 31/12/2019 c.2 31/12/2019 Libro    
    Dewey Decimal Classification   Préstamo 15 días   General Biblioteca Central Biblioteca Central Planta alta - Colección General 31/12/2019 LIBRO 2 584.43 V2 2003 33724000797692 20/01/2025   31/12/2019 Libro 3 06/12/2024